Signs of the Zodiac Picture Quiz - Statistics

General Stats
  • This quiz has been taken 31,885 times
  • The average score is 9 of 12
Answer Stats
Picture Answer % Correct
Leo
96%
Scorpio
89%
Cancer
88%
Pisces
85%
Taurus
85%
Gemini
83%
Libra
73%
Sagittarius
71%
Capricorn
70%
Virgo
69%
Aries
68%
Aquarius
65%
No matching quizzes found
Score Distribution
Percent of People with Each Score
Percentile by Number Answered
Your Score History
You have not taken this quiz